MDQL
is popping MORE tags! Check the
thread
!
Quizzes
Events
Quiz Creation
Community
Videos
Private Events
Remove Ads
Sign In
Join for FREE
Feedback
Dark Mode
Quiz Categories
Sports
Geography
Music
Movies
Television
Just For Fun
Miscellaneous
History
Literature
Language
Science
Gaming
Entertainment
Religion
Holiday
For Kids
Quiz Lab
Recent
Popular Today
Quiz Kudos Today
Editor Picks
Curator Picks
Quizzes by...
Day
Popularity
Type
Ratings
Length
Year
Community
Subscriptions
Recent Discussions
Orange Saloon
Badges
Playlists
Quests
Create
Leaderboards
Showdown
Live 5
Trivia Bingo
Activity
Puzzle Library
Sporcle Events
Private Events
Virtual Trivia
Globe League
Become a Host
Pub Owners
SporcleCon
Opinionation
Our Games
Videos
Blog
Mobile Apps
Partnerships
Remove Ads and Go Orange
Feedback
Miscellaneous
Crossword
General Knowledge
Baby Names
Logo
Food
Cars
Numbers
Grab Bag
University
College
Popular
Company
Slogans
Restaurants
Justice
Letter
Miscellaneous
Crossword
General Knowledge
Baby Names
Logo
Food
Cars
Numbers
Grab Bag
University
College
Popular
Company
Slogans
Restaurants
Justice
Letter
Random Quiz
Search Sporcle
×
Quiz Lab
Quiz Lab
Miscellaneous
potpourri
Type in answers that appear in a list
Type in answers that appear in a list
Classic
Best Score? Go Orange.
Potpourri Stats
Can you name the random trivia for the following questions?
By
mjs58
4m
20 Questions
547 Plays
547 Plays
547 Plays
Comments
Comments
Give Quiz Kudos
Give Quiz Kudos
-
- Ratings
hide this ad
Replay
Link that replays current quiz
Next Quiz
Link to next quiz in quiz playlist
You Got
0%
They Got
Avg Score
35%
Avg Friend Score
Upgrade to see
Score Distribution
Jump to the score distribution portion of the page
Score
0/20
Timer
04:00
0
Plays Today
Question
Answer
% Correct
Name one of only two words in the English language that end in 'gry.'
hungry
97.4%
There are more fatal traffic accidents in this month more than any other.
July
62%
When your face blushes, the lining of this organ turns red too.
stomach
60.1%
This is the world's warmest sea.
Red Sea
50.6%
The only U.S. State with one syllable.
Maine
44.2%
This was the first toy advertised on television.
Mr. Potatohead
39.1%
What is the fastest two-
footed animal on earth?
ostrich
37.3%
What is the only U.S. State that grows coffee?
Hawaii
36.4%
This country has the highest number of cats per household.
Austria
30.9%
On what day do Americans make the most phone calls?
Mother's Day
28.9%
Question
Answer
% Correct
This animal can smell a human from 20 miles away.
Polar Bear
28.2%
Along with humans, these animals are the only ones to get sunburned.
Pigs
27.6%
He was Charles Lindbergh's first passenger.
Henry Ford
26.1%
William Bonney had this nickname because of his youthful looks.
Billy the Kid
23.4%
'Gilligan's Island' was inspired by this literary work.
Robinson Crusoe
21.8%
This man invented the talking doll.
Thomas Edison
21.6%
This country has the oldest unchanged flag in existence.
Denmark
21.6%
This tradition costs the British citizenry over $85 million per year.
Royal Family
16.8%
What is the most common last name in Japan?
Suzuki
16.3%
There are ten million bricks in this American edifice.
Empire State Building
11.9%
Quiz Playlist
Details
Report
Send in Message
Add To Playlist
Classic:
Type in answers that appear in a list
Last Updated: Feb 16, 2017
Quiz Scoreboard
CHALLENGE
Sign Up to Join the Scoreboard
Show All
Scores
Hide
Comments
May contain spoilers
Recently Published
1-10 Letter E Words III
by El_Dandy
Language
2m
Street Fighter Characters
by Artimus82
Gaming
60s
College Basketball Coaching Resumes
by pancakes188
Sports
9m
More to Explore
Quiz From the Vault
Featured Blog Post
Where Did the Easter Bunny Come From?
hide this ad
You Might Also Like...
Tags
potpourri
Today's Top Quizzes in Miscellaneous
Browse Miscellaneous
hide this ad
Today's Top Quizzes in potpourri
Browse potpourri
Top Contributed Quizzes in Miscellaneous
1
5-to-1: Fast Food
2
The JOE quick-fire general knowledge quiz: Day 174
3
The JOE quick-fire general knowledge quiz: Day 173
4
5-to-1: Cocktails
5
The JOE quick-fire general knowledge quiz: Day 172
6
9x9 Crossword: Disney Movie Titles
7
9x9 Crossword: Charlie and the Chocolate Factory
8
Sunday Crossword: Famous Bodies of Water
9
The JOE quick-fire general knowledge quiz: Day 171
10
9x9 Crossword: Flags
Explore More
Trending Topics
Disney
Anime
Harry Potter
Crossword
NBA
Marvel
Kpop
NFL
Pokémon
Country
WWE
Puzzle
Soccer
The Office
Song
hide this ad
More By:
mjs58
Quiz
Plays
Rating
Category
Featured
Created
States with the Letter E
90,140
4.55
Geography
Mar 11, 2010
Top States in the Final Four
18,048
4.57
Sports
Mar 16, 2010
World Series Appearances
885
4.31
Sports
Jun 9, 2010
Famous Dates
677
3.25
History
Jul 19, 2010
Big Schools Performing Small
625
4.67
Sports
Jun 23, 2010
Go to Creator's Profile
Score Distribution
Quiz Creator Spotlight
mjs58
Follow
Send a Message
Quizzes Created
-
Created Quiz Play Count
-
More By This Creator
Popular Quizzes Today
1
Find the US States - No Outlines Minefield
2
Find the Countries of Europe - No Outlines Minefield
3
The Countries of the World
4
Find the US States
5
Risky Map Clicking: Biggest States A-Z
6
US States
7
Popular People in 1961
8
Movies - When Are They Set?
More Miscellaneous Quizzes
2010 Baby Names: California
Curator's Pick
Trending Quizzes
Risky Map Clicking: Least Populous States A-Z
Billboard Blitz: Aretha Franklin
Famous Russians: Author or Composer?
Countries of the World: 200 Million BC
1-10 Letter G Words
Recently Updated
Leaping Animals
pecheneg
Reality TV Shows (A-Z)
bhenderson79
Rickey Henderson's Hall of Fame Teammates
pecheneg
Champions League XIs: Arsenal
pecheneg
Quick Pick: Celebrities in WWE's Hall of Fame
aduchscher
A-Z Keypad Blitz II
pecheneg
Multiple Oscar Actors
pecheneg
Mystery Phrase Blitz: Oscar 'Best Actors'
pecheneg
F. Scott Fitzgerald Novels
LTH
Pick 3 Villains
ddd62291
Trending Topics
NBA
Disney
Marvel
Anime
Kpop
Crossword
Harry Potter
Soccer
The Office
Pokémon
WWE
Puzzle
NFL
Country
Song
Your Account Isn't Verified!
In order to create a playlist on Sporcle, you need to verify the email address you used during registration. Go to your
Sporcle Settings
to finish the process.
Report this User
Report this user for behavior that violates our
Community Guidelines
.
Details:
Send Report
Go to the Sporcle.com Mobile Site →
Comments